Pokémons: Paroles Pokérap - Statistiques

Statistiques générales
  • Ce quiz a été pris 90 fois
  • Le résultat moyen est 168 sur 320
Statistiques - réponses
Réponse % Correct
à
87%
a
87%
c’
80%
c'
80%
le
80%
j'
77%
les
77%
les,
77%
tous
75%
tous!
75%
tous,
75%
de
74%
Et
72%
Pokémon!
72%
Pokémon,
72%
Pokémon.
72%
Je
69%
je
69%
est
67%
Pikachu
66%
dresseurs,
64%
meilleur,
64%
Reptincel,
62%
Attrapez
61%
attrapez
61%
Carabaffe,
61%
ma
61%
être
59%
Herbizarre,
59%
Roucool,
59%
veux
59%
Bulbizarre,
57%
Roucarnage,
57%
Salamèche,
57%
aucun
56%
Carapuce,
56%
ces
56%
défis.
56%
Dracaufeu,
56%
Nidoran,
56%
Persian,
56%
relèverai
56%
sans
56%
Taupiqueur,
56%
Abo,
54%
Aeromite,
54%
Arbok.
54%
Nidorina,
54%
Raichu,
54%
attraper.
52%
attraper,
52%
Miaouss,
52%
répit,
52%
Staross.
52%
Chenipan,
51%
Chrysacier,
51%
Electrode,
51%
Ptitard,
51%
Roucoups,
51%
Tortank,
51%
donc
49%
Mewtwo,
49%
Papillusion
49%
Sulfura,
49%
Y'
49%
Y’
49%
150
48%
Coconfort,
48%
Draco,
48%
en
48%
Nidoqueen,
48%
Poissoroy,
48%
Rondoudou,
48%
Stari,
48%
Abra,
46%
Artikodin,
46%
Aspicot,
46%
destinée.
46%
Dracolosse,
46%
Ectoplasma,
46%
Fantominus,
46%
Ferosinge,
46%
Insécateur,
46%
Leviator,
46%
Magmar.
46%
mal!
46%
Nidoking,
46%
plus
46%
tu
46%
Chétiflor,
44%
Electhor,
44%
Empiflor,
44%
Grodoudou.
44%
Poissirène,
44%
Ptera,
44%
que
44%
Racaillou,
44%
Rafflesia,
44%
Rattata,
44%
Sabelette,
44%
Spectrum,
44%
Tauros,
44%
Akwakwak,
43%
Amonistar,
43%
Amonita,
43%
Aquali,
43%
Arcanin,
43%
Kabuto,
43%
Magicarpe,
43%
Magnéton,
43%
Mystherbe,
43%
peux
43%
Ramolos,
43%
Smogo,
43%
Smogogo,
43%
Alakazam,
41%
Caninos,
41%
Doduo,
41%
Kabutops,
41%
Machopeur,
41%
Magneti,
41%
Melodelfe,
41%
Ortide.
41%
Rapasdepic,
41%
Ronflex,
41%
Sablaireau,
41%
Tentacruel,
41%
Voltali,
41%
devenir
39%
Evoli,
39%
Goupix,
39%
maitre
39%
Melofée,
39%
Piafabec,
39%
Ponyta,
39%
Tadmorv,
39%
Canarticho,
38%
Dodrio,
38%
Elektek,
38%
Feunard,
38%
Galopa,
38%
Kangourex,
38%
Lamantine,
38%
Leveinard!
38%
Minidraco,
38%
Onix,
38%
Otaria,
38%
Pyroli,
38%
Rattatac,
38%
Saquedeneu,
38%
fini!
36%
Flagadoss
36%
Gravalanch,
36%
Grolem,
36%
Hypocéan,
36%
Hypotrempe,
36%
Lippoutou,
36%
Lokhlass,
36%
Mackogneur,
36%
Métamorph,
36%
Pokémons!
36%
Porygon,
36%
Psykokwak,
36%
Tartard,
36%
Tentacool,
36%
Voltorbe,
36%
Dardagnan,
34%
Hypnomade,
34%
Kadabra,
34%
Machoc,
34%
Mimitoss,
34%
Noeunoeuf,
34%
Nosferapti,
34%
Ossatueur,
34%
Paras,
34%
Parasect,
34%
Rhinoféros.
34%
Soporifik,
34%
suis
34%
Tetarte,
34%
Grotadmorv,
33%
Krabby,
33%
Noadkoko,
33%
Osselait,
33%
Rhinocorne,
33%
bout,
31%
Colosinge,
31%
Crustabri,
31%
déterminé
31%
Kokiyas,
31%
Scarabrute,
31%
Tygnon.
31%
un
31%
Boustiflore,
30%
irai
30%
Kicklee,
30%
Nosferalto,
30%
Excelangue,
28%
jusqu’au
28%
voila
28%
Kraboss,
26%
M. Mime,
26%
Triopiqueur,
26%
chercherai
25%
partout,
25%
Encore
18%
Pas
16%
effort!
13%
Hey!
8%
Aucun quiz correspondant
Distribution des résultats
% des personnes avec chaque résultat
Percentile par nombre de réponses
Votre historique - résultats
Vous n’avez pas pris ce quiz